000 00528cam a22002051 4500
001 1221557
005 20180207033547.0
008 851218s1959 nyua b 000 0 eng
010 _a 58011994
040 _aDLC/ICU
_cICU
_dDLC
041 _aeng
080 _a612.015
082 0 0 _a612.015 WHI
100 1 _a5
101 _aBIOK
245 1 0 _aPrinciples of biochemistry
_c[by] Abraham White [and others].
504 _aIncludes bibliography.
906 _a7
_bcbc
_corignew
_du
_eocip
_f19
_gy-gencatlg
942 _2ddc
_cBK
999 _c41975
_d41975